[Event "PHI-ch sf (Women)"]
[Site "Manila"]
[Date "2014.??.??"]
[Round "3"]
[White "Dantes, Aurora Kim"]
[Black "Atienza, Gladys"]
[Result "0-1"]
[WhiteElo "1745"]
[BlackElo "1850"]
[PlyCount "120"]
[EventDate "2014.03.??"]
[EventType "swiss"]
[EventRounds "9"]
[EventCountry "PHI"]
[SourceTitle "EXT 2016"]
[Source "ChessBase"]
[SourceDate "2015.10.08"]
[SourceVersion "1"]
[SourceVersionDate "2015.10.08"]
[SourceQuality "1"]

1. e4 c6 2. d4 d5 3. Nc3 dxe4 4. Nxe4 Bf5 5. Ng3 Bg6 6. Nf3 e6 7. Ne5 Bd6 8. Nxg6 hxg6 9. Be3 Nf6 10. Qf3 Qc7 11. Bd3 Nbd7 12. Ne2 0-0-0 13. 0-0-0 Kb8 14. Kb1 Rhf8 15. c4 Ka8 16. h3 e5 17. d5 cxd5 18. cxd5 Qa5 19. Bc2 Nc5 20. Nc3 Qb4 21. Qe2 Nfe4 22. Nxe4 Nxe4 23. Ka1 Nf6 24. Rd3 Qa5 25. Rhd1 Rc8 26. Kb1 Rc7 27. f3 Rfc8 28. Bb3 Nd7 29. Qf2 f5 30. f4 g5 31. fxe5 Nxe5 32. Rd4 f4 33. Bd2 Qb6 34. Bc3 Kb8 35. Qe1 Qb5 36. Ba4 Qa6 37. Re4 Nd3 38. Qe2 Nc5 39. Bb5 Qb6 40. Re8 a6 41. Rxc8+ Rxc8 42. Bd3 Na4 43. Bxg7 Ka8 44. Bc2 Nc3+ 45. Bxc3 Rxc3 46. Qg4 Rg3 47. Qe2 Ka7 48. Rd3 Qg1+ 49. Rd1 Qxg2 50. Qe6 Bc5 51. d6 Bxd6 52. Qxd6 Qf2 53. Be4 Rg1 54. Rxg1 Qxg1+ 55. Kc2 Qf2+ 56. Kc3 Qe1+ 57. Kb3 Qxe4 58. Qc5+ Kb8 59. Qxg5 Qd3+ 60. Kb4 Qb5+ 0-1